01950cam a22002654a 450000100090000000300060000900500170001500800410003202000150007302000180008803500200010604001140012608200210024010000320026124500840029326000490037730000230042633600260044933700280047533800270050350400400053050506220057052004680119265000240166049011479OCoLC20250204113923.0020208s2002 cou b 000 0 eng  a1576832961 a9781576832967 a(OCoLC)49011479 aDLCbengcDLCdCBCdBAKERdBTCTAdHNWdYDXCPdIG#dFHPdBDXdCFTdOCLCAdOCLCFdOCLCQdZIDdALSOMdQQ3dOCLCO00a248.4221bWIL 11 aWillard, Dallas,d1935-201310aRenovation of the heart :bputting on the character of Christ /cDallas Willard aColorado Springs, Colo. :bNavPress,c©2002 a269 pages ;c24 cm atextbtxt2rdacontent aunmediatedbn2rdamedia avolumebnc2rdacarrier aIncludes bibliographical references0 aIntroducing spiritual formation : the "beyond within" and the way of Jesus -- The heart in the system of human life -- Radical evil in the ruined soul -- Radical goodness restored to the soul -- Spiritual change : the reliable pattern -- Transforming the mind, 1 : spiritual formation and the thought life -- Transforming the mind, 2 : spiritual formation and our feelings -- Transforming the will (heart or spirit) and character -- Transforming the body -- Transforming our social dimension -- Transforming the soul -- The children of light and the light of the world -- Spiritual formation in the local congregation aA bestselling author addresses a critical question for today: Why are so many Christians not growing closer to Christlikeness and still struggling with sinful strongholds? "Renovation of the Heart" establishes a foundational understanding of human nature and the process of bringing about change. It lays a foundation for understanding the ruin and restoration of humanity, by discussing human nature and its components, how they operate, and how they are renewed 0aSpiritual formation